000 00610nam a2200205Ia 4500
003 LK-CoDNM
005 20241209144752.0
008 010623t1957 xxu||||| |||| 00| 1 sin d
040 _aLK-CoDNM
_dLK-CoDNM
_eLK-CoDNM
041 _asin
080 _a8 C-3 13/14
_bUMM
100 _aDevarakshitha, Batuvanthudawee
245 _aගැටපද සහිත උමිමග්ග ජාතකය
246 _aGetapada sahitha Ummagga jathakaya
260 _bRathnakara poth velada shalava
_aColombo
_c1957
300 _b224P. ; 22 cm
650 _aJathaka stories
650 _aLiterature
942 _cBK
999 _c104481
_d104481